| 000 | 00567nam a2200157Ia 4500 | ||
|---|---|---|---|
| 008 | 170221s9999 xx 000 0 und d | ||
| 100 | _aGessesse, Cherie Mesfin. | ||
| 245 | 3 | _aAn Investigation into the Macro Rhetorical Structures of the EFL Research Abstracts of Graduates of 2013: The Case of Bahir Dar University in Ethiopia | |
| 245 | _cCherie Mesfin Gessesse. | ||
| 260 | _bOnline Journal of Communication and Media Technologies | ||
| 260 | _c2015 | ||
| 300 | _a8 : 2 | ||
| 650 | _xCommunication | ||
| 650 | _xMedia Arts | ||
| 856 | _uhttp://www.ojcmt.net/ | ||
| 999 |
_c308661 _d308661 |
||